000 nam a22 7a 4500
999 _c9626
_d9626
008 180205b ||||| |||| 00| 0 eng d
100 _aBhanot, D P
_95754
245 _aCommunicative work book -VIII
260 _aNew Delhi
_bHoly faith publication